The efficiency of the Kuala Lumpur stock exchange : a collection of empirical findings

Bibliographic Details
Main Author: Annuar Md Nasir
Other Authors: Shamsher Mohamad
Format: Book
Published: Serdang : Penerbit University Pertanian Malaysia , 1993
Subjects:

MARC

LEADER 00000cam a2200000 7i4500
001 0000002879
002 000003115
005 20000330.0
020 |a 9679600408 
090 0 0 |a 332.642595   |b ANN 
100 0 |a Annuar Md Nasir 
245 1 4 |a The efficiency of the Kuala Lumpur stock exchange :   |b a collection of empirical findings   |c Annuar Md Nasir, Shamsher Mohamad 
260 |a Serdang :   |b Penerbit University Pertanian Malaysia ,   |c 1993 
300 |a 196p. ;   |c 23cm. 
610 2 0 |a Kuala Lumpur Stock Exchange 
650 0 0 |a Efficient market theory 
650 0 0 |a Stock exchanges   |z Malaysia 
700 1 |a Shamsher Mohamad 
999 |a 036449   |b BUKU   |c MALAYSIANA   |e PERPUSTAKAAN KOMUNITI PETALING JAYA